000 00673nam a22001577a 4500
008 170811b xxu||||| |||| 00| 0 eng d
082 _22016
_aUT 0829
_bR31
100 _921910
_aReusora, Jeanna Regine P.
245 _aEffects of Technology Exposure on the Macro Skills Among Senior High Students in University of Mindanao Digos College:
_bAn Exploratory Analysis/
_cJeanna Regine P. Reusora, Marvelyn V. Mamalias and John Mark Lausa.
260 _aDigos City:
_bUMDC
_c2016.
300 _a68 pages;
_c29 cm.
650 0 _921911
_aEducation
_vEnglish
_xUndergraduate thesis.
700 _921912
_aMamalias, Marvelyn V.
700 _921913
_aLausa, John Mark
942 _2ddc
_cUT
999 _c7237
_d7237